Logo BPK

Biblioteka

Politechniki Koszalińskiej

Daphnis : (Rekord nr 49951)

Szczegóły MARC
000 -ETYKIETA REKORDU
podpole kontrolne o stałej długości 00672nam a2200217 i 4500
001 - NUMER KONTROLNY REKORDU
pole kontrolne bgj
040 ## - ŹRÓDŁO KATALOGOWANIA
Instytucja, która utworzyła rekord BPK
041 0# - KOD JĘZYKA
Kod języka tekstu ger
044 ## - KOD KRAJU WYDAWCY/PRODUCENTA
Kod kraju wydawcy/producenta DEU
080 ## - UNIWERSALNA KLASYFIKACJA DZIESIĘTNA - UKD
UKD 821.112.2(091)
008 - POLE O STAŁEJ DŁUGOŚCI - DANE KONTROLNE
podpole kontrolne o stałej długości s gw f |000 0 ger
245 10 - TYTUŁ/ODPOWIEDZIALNOŚĆ
Tytuł Daphnis :
Ciąg dalszy tytułu Zeitschrift für Mittlere deutsche Literatur.
Pozostałe elementy strefy tytułu i oznaczenia odpowiedzialności hrsg. von Leonard Forster [et al.].
Oznaczenie części/sekcji dzieła Heft 2/1973 /
246 1# - WARIANT TYTUŁU
Tytuł Ulrich von Hutten: Kaisertum und deutsche Nation.
260 ## - STREFA ADRESU WYDAWNICZEGO
Miejsce wydania Frankfurt am Main :
Nazwa wydawcy/dystrybutora Vittorio Klostermann,
Data publikacji, dystrybucji/powstania dokumentu 1972.
300 ## - STREFA OPISU FIZYCZNEGO
Objętość s. [133]-157 ;
Rozmiary 25 cm.
505 ## - SFORMALIZOWANA UWAGA DOTYCZĄCA ZAWARTOŚCI
Pełny tekst uwagi Sonderdruck
650 9# - HASŁO PRZEDMIOTOWE W FORMIE NAZWY OGÓLNEJ LUB JEDNOSTKOWEJ
Nazwa ogólna lub geograficzna Literatura niemiecka
Określnik ogólny historia
700 1# - HASŁO DODATKOWE - NAZWA OSOBOWA
Nazwa osobowa FORSTER, Leonard.
700 1# - HASŁO DODATKOWE - NAZWA OSOBOWA
Nazwa osobowa SCHEUER, Helmut.
856 ## - LOKALIZACJA I DOSTĘP DO ELEKTRONICZNYCH DOKUMENTÓW ZDALNYCH
Link (URL) http://koha.tu.koszalin.pl/cgi-bin/koha/opac-detail.pl?biblionumber=49951
Tekst linku Katalog online BPK
942 ## - DODATKOWE ELEMENTY (KOHA)
Typ dokumentu Książka
Egzemplarze
Wycofany Status egzemplarza Uszkodzony Dostępność Lokalizacja stała Lokalizacja bieżąca Miejsce przechowywania Sygnatura Kod kreskowy Typ dokumentu
      Tylko na miejscu Biblioteka Politechniki Koszalińskiej Biblioteka Politechniki Koszalińskiej Czytelnia Wydziałowa ul. Kwiatkowskiego 6e S 2572 02438658 Książka
© 2023 Biblioteka Politechniki Koszalińskiej :: KOHA